Vista normal
Vista MARC
Entrada Personal Name
Número de registros utilizados en: 1
001 - CONTROL NUMBER
- control field: 13126
003 - CONTROL NUMBER IDENTIFIER
- control field: Mx-PuUPA
005 - DATE AND TIME OF LATEST TRANSACTION
- control field: 20220815114340.0
008 - FIXED-LENGTH DATA ELEMENTS
- fixed length control field: 220815|| aca||aabn | a|a d
040 ## - CATALOGING SOURCE
- Original cataloging agency: Mx-PuUPA
- Language of cataloging: spa
- Transcribing agency: Mx-PuUPA
- Modifying agency: Mx-PuUPA
- Description conventions: rda
100 1# - HEADING--PERSONAL NAME
- Personal name: Tornincasa, Stefano,
372 ## - FIELD OF ACTIVITY
- Field of activity: Diseño funcional y tolerancias geométricas
- Field of activity: Desarrollo de productos, ciclo de innovación a través de modelos digitales y metodologías de creación de prototipos virtuales (PLM)
374 ## - OCCUPATION
- Occupation: Autor
- Occupation: Investigador
375 ## - GENDER
- Gender: hombre
377 ## - ASSOCIATED LANGUAGE
- Language code: eng
670 ## - SOURCE DATA FOUND
- Source citation: Technical Drawing for Product Design: Mastering ISO GPS and ASME GD&T, 2021:
- Information found: t.p. ( Stefano Tornincasa) portada